<?xml version="1.0" encoding="UTF-8"?>
<record
    xmlns:xsi="http://www.w3.org/2001/XMLSchema-instance"
    xsi:schemaLocation="http://www.loc.gov/MARC21/slim http://www.loc.gov/standards/marcxml/schema/MARC21slim.xsd"
    xmlns="http://www.loc.gov/MARC21/slim">

  <leader>01016nam a2200229Ia 4500</leader>
  <controlfield tag="003">IN-BaIIA</controlfield>
  <controlfield tag="008">211028s9999    xx            000 0 eng d</controlfield>
  <datafield tag="020" ind1=" " ind2=" ">
    <subfield code="a">0-521-85607-8</subfield>
  </datafield>
  <datafield tag="040" ind1=" " ind2=" ">
    <subfield code="c">IIA Library</subfield>
  </datafield>
  <datafield tag="080" ind1=" " ind2=" ">
    <subfield code="a">082.2:52</subfield>
    <subfield code="b">IAU-C200</subfield>
  </datafield>
  <datafield tag="111" ind1=" " ind2=" ">
    <subfield code="a">Colloquium of the International Astronomical Union</subfield>
    <subfield code="n">200th</subfield>
    <subfield code="c">France</subfield>
    <subfield code="d">2005 Oct. 3-7</subfield>
    <subfield code="9">30043</subfield>
  </datafield>
  <datafield tag="245" ind1=" " ind2="0">
    <subfield code="a">Direct imaging of exoplanets-science and techniques</subfield>
    <subfield code="b">proceedings of the 200th colloquium of the International Astronomical Union held in Villefranche Sur Mer, France, October 3-7, 2005</subfield>
    <subfield code="c">edited by Claude Aime and Farrokh Vakili                                                </subfield>
  </datafield>
  <datafield tag="260" ind1=" " ind2=" ">
    <subfield code="a">Cambridge</subfield>
    <subfield code="b">Cambridge University Press</subfield>
    <subfield code="c">2006</subfield>
  </datafield>
  <datafield tag="300" ind1=" " ind2=" ">
    <subfield code="a">xxv, 638p.</subfield>
  </datafield>
  <datafield tag="490" ind1=" " ind2=" ">
    <subfield code="a">IAU colloquium; no. 200</subfield>
  </datafield>
  <datafield tag="650" ind1=" " ind2=" ">
    <subfield code="a">Extrasolar planets-congresses</subfield>
    <subfield code="9">30044</subfield>
  </datafield>
  <datafield tag="650" ind1=" " ind2=" ">
    <subfield code="a">Imaging systems in astronomy - congresses.</subfield>
    <subfield code="9">30045</subfield>
  </datafield>
  <datafield tag="700" ind1=" " ind2=" ">
    <subfield code="a">Aime, Claude, ed.</subfield>
    <subfield code="9">30046</subfield>
  </datafield>
  <datafield tag="700" ind1=" " ind2=" ">
    <subfield code="a">Vakili, Farrokh, ed.</subfield>
    <subfield code="9">30047</subfield>
  </datafield>
  <datafield tag="710" ind1=" " ind2=" ">
    <subfield code="a">International Astronomical Union</subfield>
  </datafield>
  <datafield tag="942" ind1=" " ind2=" ">
    <subfield code="c">BK</subfield>
  </datafield>
  <datafield tag="999" ind1=" " ind2=" ">
    <subfield code="c">16240</subfield>
    <subfield code="d">16240</subfield>
  </datafield>
  <datafield tag="952" ind1=" " ind2=" ">
    <subfield code="0">0</subfield>
    <subfield code="1">0</subfield>
    <subfield code="4">0</subfield>
    <subfield code="7">0</subfield>
    <subfield code="a">BAN</subfield>
    <subfield code="b">BAN</subfield>
    <subfield code="c">GEN</subfield>
    <subfield code="d">2006-10-19</subfield>
    <subfield code="e">EDS   </subfield>
    <subfield code="g">4670.00</subfield>
    <subfield code="l">0</subfield>
    <subfield code="o">082.2:52/ IAU-C200</subfield>
    <subfield code="p">17162</subfield>
    <subfield code="r">2021-11-05</subfield>
    <subfield code="v">4670.00</subfield>
    <subfield code="w">2006-10-19</subfield>
    <subfield code="y">BK</subfield>
    <subfield code="G">Rs. 4670.00  </subfield>
  </datafield>
</record>
